| 000 | 00887nam a22002777a 4500 | ||
|---|---|---|---|
| 005 | 20110427151438.0 | ||
| 008 | 110427t xxu||||| |||| 00| 0 eng d | ||
| 010 | _aENG-102348 | ||
| 020 |
_a9788175333147 _c495.00 |
||
| 035 | _aEN-85881 | ||
| 037 | _bDBAD/PUB | ||
| 040 |
_aDPL _bENG |
||
| 082 | _a179.1 | ||
| 100 |
_927456 _aPuri, B.B. |
||
| 245 |
_aLife before death / _cby B.B. Puri |
||
| 260 |
_aNew Delhi _bMD Publications _c2010 |
||
| 270 |
_a"MD House", 11, Darya Ganj _bNew Delhi _e110002 _k91-11-45355555 _mcontact@mdppl.com |
||
| 300 |
_axxxvi,174 p. _c22cm (Hb) |
||
| 610 | _927464 | ||
| 650 | _927465 | ||
| 651 | _927466 | ||
| 700 | _927451 | ||
| 710 | _927453 | ||
| 942 |
_2ddc _cEN _h179.1 _mPUR |
||
| 999 |
_c51964 _d51964 |
||